عرض عادي عرض مارك
  • السبيعي، معيوف مطلق

مدخل إسم شخص

عدد التسجيلات المستخدمة في: 1

001 - رقم الضبط

  • حقل الضبط: 35123

003 - معرف رقم الضبط

  • حقل الضبط: OSt

005 - تاريخ ووقت أخر عملية

  • حقل الضبط: 20130414124813.0

008 - عناصر بيانات ثابتة الطول

  • حقل تحكم ثابت الطول: 130414|||a|||||| | ||| d

040 ## - مصدر الفهرسة

  • هيئة الفهرسة الأصلية: OSt
  • وكالة الكتابة: OSt

100 ## - مدخل -- أسم شخص

  • إسم شخص: السبيعي، معيوف مطلق

670 ## - بيانات المصدر موجوده

  • الاستشهاد بالمصدر: Work cat.: (OSt): السبيعي، معيوف مطلق, معلم الطلبة الموهوبين / , 2011